Every ABBA Song - Statistics

General Stats
  • This quiz has been taken 139 times
  • The average score is 79 of 110
Answer Stats
Album Track % Correct
Super Trouper Super Trouper
95%
Waterloo (Deluxe Edition) Waterloo
91%
Dancing Queen
90%
Voulez-Vous
90%
ABBA Mamma Mia
89%
Chiquitita
88%
Gimme! Gimme! Gimme! (A Man After Midnight)
87%
Ring Ring Ring Ring
87%
The Winner Takes It All
87%
Don't Shut Me Down
86%
The Visitors (Deluxe Edition) The Visitors
86%
Fernando
85%
Voyage I Still Have Faith In You
85%
SOS
85%
Arrival
83%
Knowing Me, Knowing You
83%
Little Things
83%
Money, Money, Money
82%
Angeleyes
81%
Cassandra
81%
Head Over Heels
81%
Bumblebee
80%
Does Your Mother Know
80%
Keep An Eye On Dan
80%
One Of Us
80%
Thank You For The Music
80%
Andante, Andante
78%
I Can Be That Woman
78%
Just A Notion
78%
Ode To Freedom
78%
Slipping Through My Fingers
78%
Soldiers
78%
Under Attack
78%
When All Is Said And Done
78%
Happy New Year
77%
I Have A Dream
77%
Lay All Your Love On Me
77%
Take A Chance On Me
76%
Arrival When I Kissed The Teacher
76%
The Album Eagle
75%
When You Danced With Me
75%
Honey, Honey
74%
Hasta Manana
73%
I Do, I Do, I Do, I Do, I Do
73%
I Let The Music Speak
73%
Summer Night City
73%
The Piper
73%
Kisses Of Fire
72%
Elaine
71%
Me And I
71%
My Love, My Life
71%
No Doubt About It
71%
The King Has Lost His Crown
71%
King Kong Song
70%
Lovers (Live A Little Longer)
70%
Move On
70%
On And On And On
70%
Our Last Summer
70%
Tiger
70%
Voulez-Vous As Good As New
69%
Happy Hawaii
69%
The Day Before You Came
69%
The Name Of The Game
69%
If It Wasn't For The Nights
68%
Nina, Pretty Ballerina
68%
So Long
68%
That's Me
68%
The Way Old Friends Do
68%
Two For The Price Of One
68%
Another Town, Another Train
67%
He Is Your Brother
67%
Lovelight
67%
Rock Me
67%
Disillusion
66%
Hole In Your Soul
66%
I Am The City
66%
I'm A Marionette
66%
One Man, One Woman
66%
Bang-A-Boomerang
65%
Dance (While The Music Still Goes On)
65%
Dum Dum Diddle
65%
My Mama Said
65%
People Need Love
65%
What About Livingstone
65%
I've Been Waiting For You
63%
I Wonder (Departure)
63%
Put On Your White Sombrero
63%
Should I Laugh Or Cry
63%
Sitting In The Palm Tree
63%
Hey, Hey Helen
62%
Intermezzo No.1
62%
Suzy-Hang-Around
62%
Tropical Loveland
62%
Watch Out
62%
Why Did It Have To Be Me?
62%
I Saw It In The Mirror
61%
Rock'N'Roll Band
60%
You Owe Me One
60%
Crazy World
59%
Gonna Sing You My Love Song
59%
Man In The Middle
59%
Me And Bobby And Bobby's Brother
59%
Medley: Pick A Bale Of Cotton
59%
Love Isn't Easy (But It Sure Is Hard Enough)
58%
Santa Rosa
57%
I Am Just A Girl
56%
Merry-Go-Round
56%
She's My Kind Of Girl
54%
Like An Angle Passing Through My Room
49%
From A Twinkling Star To A Passing Angel
44%
No matching quizzes found
Score Distribution
Percent of People with Each Score
Percentile by Number Answered
Your Score History
You have not taken this quiz